000
00322nam a2200133Ia 4500
005
20251222143108.0
008
251222s9999||||xx |||||||||||||| ||spa||
020
_a
84-7490-708-X
082
_a
233.1/P28
100
_a
Patocka, Jan
245
0
_a
El Movimiento de la Existencia Humana
264
_b
Encuentro
942
_c
LIB
999
_c
11065
_d
11065